000 01211nam a22002777a 4500
999 _c64762
_d64762
005 20240530110749.0
008 181204s2018 ua g b 000 0|ara d
017 _a2017/9902
_bمصر. دار الكتب
020 _a9789778121384
040 _aEG-CaGPL
_cEG-CaGPL
082 0 4 _221
_a947.45 /
_bز م
100 0 _aزينب فتحى غريب
245 1 2 _aمظاهر الحضارة الاسلامية فى اذربيجان فى القرن العشرين /
_cاعداد زينب فتحى غريب
250 _aط.1
260 _aالقاهرة :
_bالمكتب العربى للمعارف،
_c2018.
300 _a290 ص. ؛
_c24 سم.
504 _aيشتمل على ارجاعات ببليوجرافية
650 0 7 _2qrmak
_aالعمارة الاسلامية
_zاذربيجان
651 0 7 _2qrmak
_aاذربيجان
_xتاريخ
651 0 7 _2qrmak
_aاذربيجان
_xالاحوال السياسية
651 0 7 _2qrmak
_aاذربيجان
_xالاحوال الاقتصادية
651 0 7 _2qrmak
_aاذربيجان
_xالاحوال الاقتصادية
651 0 7 _2qrmak
_aاذربيجان
_xالعادات والتقاليد
942 _2ddc
_cBK